[Event "Michigan Open"]
[Site "Cadillac, MI"]
[Date "1999.09.??"]
[Round "2"]
[White "Vandivier, Don"]
[Black "Rosenberg, Steve"]
[Result "1-0"]
[WhiteElo "1911"]
[BlackElo "1821"]
[PlyCount "33"]
[EventDate "1999.09.03"]

1. e4 Nf6 2. Bc4 e5 3. Nf3 Nxe4 4. Nc3 Nxc3 5. dxc3 Bd6 6. Ng5 Nc6 7. Nxf7 Qh4
8. Nxh8 Qxc4 9. Qh5+ g6 10. Qxh7 Ne7 11. Bg5 b6 12. Bxe7 Bxe7 13. Qxg6+ Kf8 14.
Qh7 Bc5 15. Ng6+ Ke8 16. Qh8+ Kf7 17. Nxe5+ 1-0

[Event "Michigan Open"]
[Site "Cadillac, MI"]
[Date "1999.09.??"]
[Round "3"]
[White "Vandivier, Don"]
[Black "Levi, Ariel"]
[Result "1-0"]
[WhiteElo "1911"]
[BlackElo "2134"]
[PlyCount "109"]
[EventDate "1999.09.03"]

1. e4 c5 2. Nf3 d6 3. d4 cxd4 4. Nxd4 Nf6 5. Nc3 g6 6. Be2 Bg7 7. O-O Nc6 8.
Be3 O-O 9. f4 Qb6 10. Na4 Qa5 11. Nc3 Qb6 12. Na4 Qb4 13. c3 Qa5 14. b4 Qc7 15.
Nb5 Qb8 16. Bf3 Bd7 17. Nd4 e5 18. Nxc6 Bxc6 19. fxe5 dxe5 20. Qc2 Qc8 21. Rac1
Ng4 22. Bc5 Re8 23. h3 Nf6 24. Nb2 b6 25. Be3 Qb7 26. Bg5 Bxe4 27. Bxf6 Bxc2
28. Bxb7 Rab8 29. Rxc2 Rxb7 30. Bxg7 Kxg7 31. Rd1 Rc7 32. c4 e4 33. Kf2 f5 34.
Ke3 g5 35. g3 Rf7 36. Rf2 Re6 37. Rd5 Kg6 38. c5 bxc5 39. bxc5 Rff6 40. Nc4 Ra6
41. g4 f4+ 42. Kxe4 Ra4 43. Kd3 Rb4 44. c6 Rxc4 45. Kxc4 Rxc6+ 46. Kb5 Rc3 47.
Rd6+ Kf7 48. Rd7+ Ke6 49. Rxh7 Kd5 50. Rh5 Ke4 51. Rxg5 Rxh3 52. Rf5 f3 53.
R5xf3 Rxf3 54. Rxf3 Kxf3 55. g5 1-0

[Event "Michigan Open"]
[Site "Cadillac, MI"]
[Date "1999.09.??"]
[Round "6"]
[White "Vandivier, Don"]
[Black "Fuller, William"]
[Result "0-1"]
[WhiteElo "1911"]
[BlackElo "2103"]
[PlyCount "58"]
[EventDate "1999.09.03"]

1. e4 c5 2. Nf3 Nc6 3. d4 cxd4 4. Nxd4 e5 5. Nf3 Nf6 6. Bc4 Bb4+ 7. c3 Be7 8.
O-O O-O 9. Re1 h6 10. h3 d6 11. Bb3 b6 12. Nbd2 Na5 13. Bc2 Be6 14. Nf1 Rc8 15.
Ne3 Nh7 16. Nd5 f5 17. exf5 Bxf5 18. Bxf5 Rxf5 19. Nxe7+ Qxe7 20. Qd5+ Kh8 21.
Nd4 exd4 22. Qxf5 Qxe1+ 23. Kh2 Rf8 24. Qd7 dxc3 25. Qxd6 Nc4 26. Qc7 Nd2 27.
h4 Nf1+ 28. Kh3 Qxf2 29. Qxc3 h5 0-1

[Event "Michigan Open"]
[Site "Cadillac, MI"]
[Date "1999.09.??"]
[Round "1"]
[White "Triplett, Thomas"]
[Black "Wysocki, Jason"]
[Result "0-1"]
[WhiteElo "1853"]
[BlackElo "2268"]
[PlyCount "62"]
[EventDate "1999.09.03"]

1. d4 Nf6 2. Nf3 g6 3. Bf4 Bg7 4. e3 c5 5. Be2 O-O 6. O-O b6 7. c4 d6 8. Nc3
cxd4 9. exd4 Bb7 10. h3 Nbd7 11. Qd2 Rc8 12. b3 Re8 13. Bh6 Bh8 14. Rad1 Qc7
15. Nb5 Qb8 16. d5 a6 17. Nbd4 b5 18. Ng5 bxc4 19. bxc4 Ne5 20. Rc1 Qa7 21. Kh1
Nfd7 22. Rfd1 Nb6 23. Qb4 Rc7 24. f4 Ned7 25. f5 Nf6 26. fxg6 hxg6 27. Nb3 Nbd7
28. Qd2 Nf8 29. h4 Bc8 30. Nd4 Bg4 31. Nc6 Qf2 0-1

[Event "Michigan Open"]
[Site "Cadillac, MI"]
[Date "1999.09.??"]
[Round "3"]
[White "Triplett, Thomas"]
[Black "Morris, Jewell"]
[Result "1-0"]
[WhiteElo "1853"]
[BlackElo "1864"]
[PlyCount "71"]
[EventDate "1999.09.03"]

1. d4 d5 2. Nf3 Nf6 3. Bg5 Nbd7 4. e3 e6 5. Bd3 c5 6. c3 c4 7. Bc2 Qb6 8. Qc1
Bd6 9. Nbd2 h6 10. Bxf6 Nxf6 11. Ne5 Bxe5 12. dxe5 Ng4 13. Nf3 Qc7 14. O-O Nxe5
15. Nxe5 Qxe5 16. Ba4+ Ke7 17. f4 Qc7 18. Bc2 b5 19. e4 Bb7 20. e5 Qc5+ 21. Kh1
d4 22. cxd4 Qxd4 23. Qe1 Qxb2 24. Qh4+ Ke8 25. Qf2 Qa3 26. f5 Qe7 27. f6 gxf6
28. exf6 Qc7 29. Bd1 Rg8 30. Bf3 Rg6 31. Qh4 Rd8 32. Rf2 Qe5 33. Raf1 Qxf6 34.
Qxf6 Rxf6 35. Bc6+ Bxc6 36. Rxf6 1-0

[Event "Michigan Open"]
[Site "Cadillac, MI"]
[Date "1999.09.??"]
[Round "7"]
[White "Townsend, Paul"]
[Black "Palmer, Tony"]
[Result "0-1"]
[WhiteElo "1919"]
[BlackElo "2058"]
[PlyCount "76"]
[EventDate "1999.09.03"]

1. e4 e5 2. Nf3 Nc6 3. Bc4 Nf6 4. Ng5 d5 5. exd5 Na5 6. Bb5+ c6 7. dxc6 bxc6 8.
Qf3 Rb8 9. Bxc6+ Nxc6 10. Qxc6+ Nd7 11. d3 Be7 12. Ne4 Rb6 13. Qc4 O-O 14. Nbc3
Rb4 15. Qxb4 Bxb4 16. Bd2 f5 17. Ng3 Bb7 18. O-O Qe8 19. a3 Bxc3 20. Bxc3 f4
21. Ne4 f3 22. gxf3 Qh5 23. Rae1 Rxf3 24. Re3 Qg4+ 25. Ng3 h5 26. Rfe1 h4 27.
h3 Qxh3 28. Ne4 Qg4+ 29. Kf1 Rxe3 30. Rxe3 Qd1+ 31. Kg2 Qxc2 32. Kh3 Bxe4 33.
Rxe4 Qxd3+ 34. Re3 Qf1+ 35. Kxh4 Qxf2+ 36. Rg3 Nf6 37. Bxe5 Qh2+ 38. Kg5 Ne4+
0-1

[Event "Michigan Open"]
[Site "Cadillac, MI"]
[Date "1999.09.??"]
[Round "3"]
[White "Townsend, Paul"]
[Black "Jarosz, Stan"]
[Result "1/2-1/2"]
[WhiteElo "1919"]
[BlackElo "2025"]
[PlyCount "57"]
[EventDate "1999.09.03"]

1. e4 e6 2. d4 d5 3. exd5 exd5 4. c4 Bb4+ 5. Nc3 Qe7+ 6. Be3 Nf6 7. a3 Bxc3+ 8.
bxc3 dxc4 9. Bxc4 Ng4 10. Qe2 Nxe3 11. Qxe3 Qxe3+ 12. fxe3 Bf5 13. Ne2 O-O 14.
O-O Bg6 15. Nf4 Nd7 16. Nxg6 hxg6 17. e4 Nf6 18. Rae1 c6 19. e5 Nd5 20. Bxd5
cxd5 21. Rb1 b6 22. Rb5 Rfd8 23. Rfb1 Rac8 24. R1b3 Rc4 25. Kf2 Kf8 26. Ke2 Ke7
27. Kd3 Ke6 28. R5b4 Rdc8 29. Rb5 1/2-1/2

[Event "Michigan Open"]
[Site "Cadillac, MI"]
[Date "1999.09.??"]
[Round "4"]
[White "Townsend, Paul"]
[Black "Hartwig, Thomas"]
[Result "0-1"]
[WhiteElo "1919"]
[BlackElo "2076"]
[PlyCount "120"]
[EventDate "1999.09.03"]

1. e4 c5 2. Nf3 d6 3. d4 cxd4 4. Nxd4 Nf6 5. Nc3 g6 6. Bc4 Bg7 7. Bb3 O-O 8.
O-O Nc6 9. h3 Nxd4 10. Qxd4 Bd7 11. Qd3 Bc6 12. Bg5 Qa5 13. Bxf6 Bxf6 14. Rfe1
Bxc3 15. Qxc3 Qxc3 16. bxc3 Rac8 17. Rad1 b6 18. e5 dxe5 19. Rxe5 e6 20. Re3
Rc7 21. Red3 Kg7 22. c4 Rfc8 23. Rd8 Rxd8 24. Rxd8 e5 25. f3 Bd7 26. c5 bxc5
27. Bd5 Kf6 28. Kf2 Be6 29. Bxe6 Kxe6 30. Ke2 Rc6 31. Rd3 Ra6 32. a3 Ra4 33.
Ke3 c4 34. Rc3 Kd5 35. Ke2 f5 36. f4 exf4 37. h4 Ra6 38. Rf3 Re6+ 39. Kd2 Re3
40. Rxf4 Rxa3 41. g4 fxg4 42. Rxg4 Rh3 43. c3 Rd3+ 44. Kc2 Re3 45. Rd4+ Ke5 46.
Rxc4 Re4 47. Rc5+ Kd6 48. Ra5 Rxh4 49. Rxa7 Ke5 50. Kb3 h5 51. c4 Rh3+ 52. Kb4
Rh1 53. Kc5 h4 54. Re7+ Kf4 55. Rg7 g5 56. Kd6 Rc1 57. Rf7+ Kg3 58. c5 h3 59.
c6 h2 60. Rh7 h1=Q 0-1

[Event "Michigan Open"]
[Site "Cadillac, MI"]
[Date "1999.09.??"]
[Round "5"]
[White "Smith, Walt"]
[Black "Palmer, Tony"]
[Result "1-0"]
[WhiteElo "1995"]
[BlackElo "2058"]
[PlyCount "146"]
[EventDate "1999.09.03"]

1. f4 Nf6 2. Nf3 d5 3. b3 e6 4. Bb2 Bd6 5. e3 c5 6. Nc3 Nc6 7. Bb5 a6 8. Bxc6+
bxc6 9. O-O Qc7 10. Qe1 O-O 11. Na4 Ne8 12. d3 Rb8 13. Qc3 c4 14. dxc4 f6 15.
c5 Be7 16. Qd3 Qa5 17. Bc3 Qb5 18. Nd4 Qxd3 19. cxd3 Bd7 20. Nb6 Rxb6 21. cxb6
c5 22. Nf3 Nd6 23. a4 Rb8 24. a5 Bb5 25. Rfd1 Nf5 26. Kf2 d4 27. exd4 cxd4 28.
Bb2 Bb4 29. Rac1 Bxa5 30. b7 Rxb7 31. Rc8+ Kf7 32. Ba3 Ne7 33. Ra8 Bb6 34. Bd6
Rd7 35. Ba3 Rd8 36. Rxd8 Bxd8 37. Bc5 Nc6 38. Nxd4 Nxd4 39. Bxd4 Bc7 40. g3 Bd6
41. Bb6 h5 42. Ke3 Kg6 43. Rc1 Kf5 44. h3 g5 45. Bc7 gxf4+ 46. gxf4 Bf8 47. Kd4
Ba3 48. Rc2 Bf8 49. Bb8 Bb4 50. Rc8 Be1 51. Rc5+ Kg6 52. Ke3 Bb4 53. Rc2 Ba3
54. Ba7 Bd6 55. Bc5 Bb8 56. Be7 Ba7+ 57. Bc5 Bb8 58. Bd4 Bd6 59. Bb6 Kf5 60.
Bc7 Bb4 61. d4 Ba3 62. Ra2 Bb4 63. Ra1 Bc3 64. Rd1 Bb4 65. d5 exd5 66. Rxd5+
Kg6 67. f5+ Kg5 68. h4+ Kh6 69. Bf4+ Kg7 70. Kf2 Bc6 71. Rd8 Ba5 72. Rd6 Bb5
73. Be3 Bc7 1-0

[Event "Michigan Open"]
[Site "Cadillac, MI"]
[Date "1999.09.??"]
[Round "7"]
[White "Smith, Walt"]
[Black "Moody, David"]
[Result "1/2-1/2"]
[WhiteElo "1995"]
[BlackElo "1939"]
[PlyCount "33"]
[EventDate "1999.09.03"]

1. Nf3 Nf6 2. c4 g6 3. d4 Bg7 4. g3 O-O 5. Bg2 d6 6. O-O Nbd7 7. Nc3 c6 8. Qc2
e5 9. Rd1 Qc7 10. dxe5 Nxe5 11. Nxe5 dxe5 12. Be3 Bf5 13. Qa4 Ng4 14. Bc5 Rfd8
15. f3 Nf6 16. Rxd8+ Rxd8 17. Rd1 1/2-1/2

[Event "Michigan Open"]
[Site "Cadillac, MI"]
[Date "1999.09.??"]
[Round "1"]
[White "Smith, Walt"]
[Black "Ballicora, Miguel"]
[Result "0-1"]
[WhiteElo "1995"]
[BlackElo "2160"]
[PlyCount "42"]
[EventDate "1999.09.03"]

1. Nf3 d5 2. e4 e6 3. Nc3 Bb4 4. exd5 exd5 5. Qe2+ Ne7 6. a3 Bxc3 7. dxc3 O-O
8. Bf4 Ng6 9. Be3 Nd7 10. O-O-O Nf6 11. Bg5 h6 12. Bxf6 Qxf6 13. Nd4 Bd7 14. g3
c5 15. Nb3 Rfe8 16. Qd2 Bg4 17. Bb5 Bxd1 18. Bxe8 Bf3 19. Re1 Be4 20. Bd7 Ne5
21. Nxc5 Nf3 0-1

[Event "Michigan Open"]
[Site "Cadillac, MI"]
[Date "1999.09.??"]
[Round "4"]
[White "Skidmore, Mike"]
[Black "Ward, Tom"]
[Result "0-1"]
[WhiteElo "1835"]
[BlackElo "2211"]
[PlyCount "109"]
[EventDate "1999.09.03"]

1. e4 c5 2. Nf3 a6 3. d3 Nc6 4. Be2 g6 5. O-O Bg7 6. Nc3 b5 7. Rb1 e6 8. Re1
Qa5 9. e5 Nge7 10. Ne4 O-O 11. Bd2 Qc7 12. Nf6+ Kh8 13. Qc1 Nxe5 14. Nxe5 Bxf6
15. Ng4 Bg7 16. Bh6 f5 17. Bxg7+ Kxg7 18. Qh6+ Kg8 19. Bf3 Bb7 20. Bxb7 Qxb7
21. Ne5 d6 22. Nf3 e5 23. c4 f4 24. Qh3 Qc8 25. Qxc8 Raxc8 26. Ng5 Nf5 27. Ne4
Rfd8 28. Nf6+ Kg7 29. Ne4 h6 30. h3 g5 31. Rbc1 Nd4 32. cxb5 axb5 33. b4 f3 34.
Kh2 fxg2 35. Kxg2 Ne6 36. Kf1 Nf4 37. Re3 Nd5 38. Rg3 Nxb4 39. Nc3 Ra8 40. Nxb5
Rxa2 41. h4 Kg6 42. hxg5 hxg5 43. Nc7 Rf8 44. Rxg5+ Kxg5 45. Ne6+ Kf5 46. Nxf8
Rxf2+ 47. Kg1 Nxd3 48. Rc3 Rd2 49. Nd7 e4 50. Nb6 e3 51. Nc4 e2 52. Ne3+ Ke4
53. Ng2 e1=Q+ 54. Kh2 Rxg2+ 55. Kxg2 0-1

[Event "Michigan Open"]
[Site "Cadillac, MI"]
[Date "1999.09.??"]
[Round "7"]
[White "Skidmore, Mike"]
[Black "Santiago, Reynaldo"]
[Result "1-0"]
[WhiteElo "1835"]
[BlackElo "2000"]
[PlyCount "43"]
[EventDate "1999.09.03"]

1. e4 c5 2. Nf3 d6 3. Bb5+ Nd7 4. Bxd7+ Bxd7 5. O-O Nf6 6. e5 Nd5 7. Re1 Bg4 8.
exd6 e6 9. h3 Bh5 10. d3 Bxd6 11. b3 Qf6 12. c3 Nxc3 13. Nxc3 Qxc3 14. Be3 b6
15. g4 Bg6 16. d4 Rd8 17. Rc1 Qa5 18. Qe2 cxd4 19. Nxd4 Qa3 20. Nb5 Bd3 21.
Qxd3 Bh2+ 22. Kxh2 1-0

[Event "Michigan Open"]
[Site "Cadillac, MI"]
[Date "1999.09.??"]
[Round "1"]
[White "Skidmore, Mike"]
[Black "Roe, Philip"]
[Result "0-1"]
[WhiteElo "1835"]
[BlackElo "2050"]
[PlyCount "102"]
[EventDate "1999.09.03"]

1. e4 c5 2. Nf3 d6 3. Bb5+ Nd7 4. Bxd7+ Bxd7 5. O-O e5 6. d3 g6 7. Nbd2 Bg7 8.
h3 Ne7 9. Nh2 d5 10. exd5 Nxd5 11. Ne4 Rc8 12. Nd6+ Kf8 13. Nxc8 Qxc8 14. Qf3
Bc6 15. Qe2 Qf5 16. Qg4 Nb4 17. Qxf5 gxf5 18. Be3 b6 19. Rfc1 e4 20. a3 Nd5 21.
Rab1 f4 22. dxe4 Nxe3 23. fxe3 fxe3 24. Re1 Bxe4 25. Re2 f5 26. Nf3 Bxf3 27.
gxf3 f4 28. Rd1 Ke7 29. c3 Bf6 30. Kf1 Bh4 31. Rg2 Ke6 32. Ke2 Re8 33. Rg4 Bg3
34. Rg7 Bf2 35. Rdd7 h5 36. Rxa7 Rd8 37. Rae7+ Kf6 38. Rd7 Ra8 39. Rgf7+ Ke6
40. Rfe7+ Kf6 41. Re4 Bg3 42. Rd6+ Kf5 43. c4 Rg8 44. Rd5+ Kf6 45. Rxh5 Bh2 46.
Rh6+ Kf7 47. Rh7+ Kf8 48. Kd3 Rg2 49. Rh8+ Kg7 50. Rhe8 Rxb2 51. R8e7+ Kg6 0-1

[Event "Michigan Open"]
[Site "Cadillac, MI"]
[Date "1999.09.??"]
[Round "3"]
[White "Skidmore, Mike"]
[Black "Chehayeb, Sal"]
[Result "0-1"]
[WhiteElo "1835"]
[BlackElo "2003"]
[PlyCount "86"]
[EventDate "1999.09.03"]

1. e4 c5 2. Nf3 d6 3. Bb5+ Bd7 4. Bxd7+ Qxd7 5. O-O g6 6. c3 Nc6 7. d3 Bg7 8.
Ng5 Nf6 9. f4 h6 10. Nf3 O-O 11. Qe1 b5 12. h3 Rab8 13. Qh4 c4 14. e5 Nh7 15.
d4 e6 16. Nbd2 d5 17. Nh2 Qd8 18. Qg3 Ne7 19. Ndf3 b4 20. Nh4 Kh8 21. N2f3 bxc3
22. bxc3 Qa5 23. Nd2 Rg8 24. a4 Nf5 25. Nxf5 gxf5 26. Qf3 Bf8 27. Ba3 Bxa3 28.
Rxa3 Rb2 29. Rf2 Qc7 30. Qh5 Qe7 31. Ra1 Rg6 32. Nf3 Rxf2 33. Kxf2 Qb7 34. Ra2
Qb3 35. Re2 Qxc3 36. Nh4 Qxd4+ 37. Ke1 Qc3+ 38. Rd2 Qg3+ 39. Rf2 Qe3+ 40. Kf1
Rg3 41. Kg1 Kg7 42. Qe2 Qxe2 43. Rxe2 Ra3 0-1

[Event "Michigan Open"]
[Site "Cadillac, MI"]
[Date "1999.09.??"]
[Round "2"]
[White "Santiago, Reynaldo"]
[Black "Triplett, Thomas"]
[Result "1-0"]
[WhiteElo "2000"]
[BlackElo "1853"]
[PlyCount "80"]
[EventDate "1999.09.03"]

1. e4 c5 2. Nc3 Nc6 3. g3 g6 4. Bg2 Bg7 5. d3 d6 6. Be3 Rb8 7. Qd2 Qa5 8. Nf3
Nd4 9. O-O Nf6 10. h3 b5 11. Kh2 Nxf3+ 12. Bxf3 b4 13. Nd1 Qc7 14. Bh6 O-O 15.
Bxg7 Kxg7 16. Ne3 e6 17. Bg2 Ng8 18. f4 Ne7 19. c3 a5 20. g4 f5 21. gxf5 exf5
22. Rae1 Bb7 23. Kg1 Rbd8 24. e5 d5 25. d4 bxc3 26. bxc3 c4 27. Rb1 Rb8 28. Rb2
Ba8 29. Rfb1 Rxb2 30. Rxb2 Rb8 31. Qc2 Rxb2 32. Qxb2 Qb7 33. Qxb7 Bxb7 34. Kf2
Kf7 35. Ke2 Ke6 36. Kd2 Kd7 37. Bf3 Kc7 38. h4 Kb6 39. h5 Bc6 40. hxg6 hxg6 1-0

[Event "Michigan Open"]
[Site "Cadillac, MI"]
[Date "1999.09.??"]
[Round "6"]
[White "Santiago, Reynaldo"]
[Black "Aldrich, Jeff"]
[Result "1-0"]
[WhiteElo "2000"]
[BlackElo "1934"]
[PlyCount "76"]
[EventDate "1999.09.03"]

1. e4 c6 2. d4 d5 3. e5 Bf5 4. Nc3 e6 5. g4 Bg6 6. h4 h6 7. Bd3 Bxd3 8. Qxd3
Nd7 9. f4 Qc7 10. Nge2 O-O-O 11. f5 Re8 12. Bf4 Bb4 13. Bg3 Nf8 14. O-O-O Qd7
15. Rdf1 f6 16. Nf4 Ne7 17. Nh5 Ng8 18. Ne2 Be7 19. Nxg7 Rd8 20. Nf4 fxe5 21.
Nfxe6 e4 22. Qe3 Nf6 23. Nxd8 Bxd8 24. Ne6 Nxe6 25. fxe6 Qxe6 26. Qf4 Nd7 27.
Qf5 Qe7 28. Qf7 Qb4 29. Qg7 Re8 30. c3 Qa4 31. Kb1 Qb5 32. Bd6 e3 33. Qxh6 Ba5
34. Qg6 Rh8 35. Qc2 Rxh4 36. c4 Rxh1 37. Rxh1 dxc4 38. Rh8+ Bd8 $138 1-0

[Event "Michigan Open"]
[Site "Cadillac, MI"]
[Date "1999.09.??"]
[Round "1"]
[White "Rosenberg, Steve"]
[Black "Chehayeb, Sal"]
[Result "0-1"]
[WhiteElo "1821"]
[BlackElo "2003"]
[PlyCount "74"]
[EventDate "1999.09.03"]

1. e4 c5 2. g3 g6 3. Bg2 Bg7 4. Nf3 Nc6 5. Nc3 e6 6. O-O Nge7 7. d3 O-O 8. Bf4
d5 9. Qd2 Re8 10. Bh6 Bh8 11. Rab1 Qa5 12. a3 Bd7 13. Ne2 Qxd2 14. Nxd2 Rac8
15. Nf4 dxe4 16. dxe4 Ne5 17. h3 f6 18. Ne2 g5 19. f4 Nf7 20. fxg5 fxg5 21.
Rxf7 Kxf7 22. Bxg5 Rg8 23. Bh4 Ng6 24. Rf1+ Ke8 25. Bf6 Bxf6 26. Rxf6 Rf8 27.
Rxf8+ Kxf8 28. Nc4 e5 29. Nc3 Bc6 30. Nd5 Rd8 31. h4 Bxd5 32. exd5 b5 33. Na5
Rd7 34. Nc6 h5 35. Be4 Rd6 36. Nxa7 Ne7 37. Nxb5 Rb6 0-1

[Event "Michigan Open"]
[Site "Cadillac, MI"]
[Date "1999.09.??"]
[Round "2"]
[White "Roe, Philip"]
[Black "Ward, Tom"]
[Result "1-0"]
[WhiteElo "2050"]
[BlackElo "2211"]
[PlyCount "69"]
[EventDate "1999.09.03"]

1. Nc3 c5 2. Nf3 Nc6 3. d4 cxd4 4. Nxd4 g6 5. e4 Bg7 6. Nb3 Nf6 7. Be2 O-O 8.
O-O d6 9. Be3 Be6 10. f4 a6 11. f5 Bd7 12. Qd2 b5 13. Bd3 Ne5 14. Bh6 Qb6+ 15.
Kh1 Nc4 16. Bxc4 bxc4 17. Bxg7 Kxg7 18. Nd4 Rab8 19. Rae1 Qc5 20. Nd5 Nxd5 21.
exd5 Rfe8 22. Rxe7 Rxe7 23. f6+ Kh8 24. fxe7 Qxd5 25. Qf4 f5 26. Re1 Re8 27.
Nf3 Bc6 28. h4 Qa5 29. Qxd6 Bxf3 30. Qf6+ Kg8 31. Qe6+ Kg7 32. gxf3 Qxa2 33.
Qe5+ Kf7 34. h5 Qa4 35. h6 1-0

[Event "Michigan Open"]
[Site "Cadillac, MI"]
[Date "1999.09.??"]
[Round "6"]
[White "Roe, Philip"]
[Black "Kulbacki, James"]
[Result "1-0"]
[WhiteElo "2050"]
[BlackElo "2028"]
[PlyCount "103"]
[EventDate "1999.09.03"]

1. e4 e6 2. d4 d5 3. Nd2 Nf6 4. Bd3 c5 5. e5 Ne4 6. Nxe4 dxe4 7. Bxe4 cxd4 8.
Nf3 Bb4+ 9. Bd2 Qa5 10. a3 Bxd2+ 11. Qxd2 Qxd2+ 12. Kxd2 Nd7 13. Rad1 f5 14.
Bd3 O-O 15. Rhe1 Rd8 16. Kc1 Nb8 17. Bc4 Nc6 18. Bb5 Bd7 19. g3 Rac8 20. Bxc6
Bxc6 21. Nxd4 Be4 22. c3 Bd5 23. Nb5 a6 24. Nd6 Rc7 25. Rd4 b5 26. a4 Rb8 27.
axb5 axb5 28. Nxf5 b4 29. Re3 bxc3 30. Rxc3 Rcb7 31. Ne3 Rxb2 32. Nxd5 Rb1+ 33.
Kd2 exd5 34. Rxd5 Rf1 35. Ke2 Rbb1 36. Rd7 h5 37. Re3 g5 38. e6 Rbe1+ 39. Kd3
Rxe3+ 40. fxe3 Kf8 41. Ke4 Rh1 42. Rf7+ Ke8 43. Rf2 h4 44. Kf5 hxg3 45. hxg3
Re1 46. e4 Ke7 47. Ke5 Re3 48. Rf7+ Ke8 49. g4 Re1 50. Rg7 Rb1 51. Rxg5 Rb8 52.
Kf6 1-0

[Event "Michigan Open"]
[Site "Cadillac, MI"]
[Date "1999.09.??"]
[Round "4"]
[White "Roe, Philip"]
[Black "Hahn, David"]
[Result "0-1"]
[WhiteElo "2050"]
[BlackElo "2159"]
[PlyCount "139"]
[EventDate "1999.09.03"]

1. e4 d6 2. d4 Nf6 3. Nc3 g6 4. Be3 Bg7 5. Qd2 c6 6. f3 b5 7. Bd3 Nbd7 8. Bh6
Bxh6 9. Qxh6 b4 10. Nd1 Qa5 11. Ne2 Ba6 12. Nf2 b3+ 13. Qd2 Qxd2+ 14. Kxd2 Bxd3
15. Nxd3 bxc2 16. Rac1 Rc8 17. Rxc2 Nb8 18. Rhc1 Kd7 19. Rc4 Rc7 20. R1c3 Rhc8
21. g4 h5 22. g5 Nh7 23. h4 Nf8 24. Ke3 Ne6 25. f4 Ng7 26. Ng3 e6 27. e5 Rb7
28. Ra4 a6 29. Rc2 Ke7 30. exd6+ Kxd6 31. Ne5 Ke7 32. Rac4 Rb6 33. b3 a5 34.
Rc5 Ra6 35. a4 Rc7 36. d5 exd5 37. Rxd5 Rb7 38. Rd3 Rab6 39. Rcc3 Ke6 40. Nc4
Ra6 41. Rd6+ Ke7 42. Rf6 Kf8 43. Rd3 Ne8 44. Nd6 Re7+ 45. Nge4 Nxf6 46. gxf6
Re6 47. Kf3 Ra7 48. Nc5 Rxf6 49. Nde4 Kg7 50. Nxf6 Kxf6 51. Rd8 Na6 52. Rd6+
Ke7 53. Rxc6 Nxc5 54. Rxc5 Rb7 55. Rxa5 Rxb3+ 56. Ke4 Rh3 57. Ra7+ Kf6 58. Ra6+
Kg7 59. Rc6 Rxh4 60. Ke5 Rh1 61. a5 Ra1 62. a6 h4 63. Rc3 Rxa6 64. Rh3 Ra5+ 65.
Ke4 Rh5 66. Kf3 Kf6 67. Kg4 Rh8 68. f5 g5 69. Ra3 h3 70. Ra6+ 0-1

[Event "Michigan Open"]
[Site "Cadillac, MI"]
[Date "1999.09.??"]
[Round "7"]
[White "Roe, Philip"]
[Black "Bailey, Greg"]
[Result "1-0"]
[WhiteElo "2050"]
[BlackElo "1911"]
[PlyCount "83"]
[EventDate "1999.09.03"]

1. e4 e6 2. d4 d5 3. Nd2 Nf6 4. Bd3 c5 5. e5 Ng8 6. c3 Nc6 7. Ne2 Qb6 8. Nf3
Bd7 9. O-O O-O-O 10. dxc5 Bxc5 11. b4 Bf8 12. Ned4 Nxd4 13. Nxd4 Qc7 14. Bf4 f6
15. Re1 g6 16. Bg3 f5 17. f4 Kb8 18. Qb3 Rc8 19. Rac1 Ne7 20. Bf2 Bh6 21. Be3
Nc6 22. Nb5 Qd8 23. Nd6 g5 24. Nxc8 gxf4 25. Nd6 fxe3 26. Nf7 Qf8 27. Nxh8 Qxh8
28. c4 d4 29. b5 Nxe5 30. c5 Qg7 31. Kh1 Ng4 32. c6 Nf2+ 33. Kg1 Bc8 34. c7+
Ka8 35. Qxe6 Nh3+ 36. Kf1 Qxg2+ 37. Kxg2 Nf4+ 38. Kh1 Nxe6 39. Bxf5 e2 40. Bxe6
Bxc1 41. Bxc8 d3 42. Bf5 1-0

[Event "Michigan Open"]
[Site "Cadillac, MI"]
[Date "1999.09.??"]
[Round "2"]
[White "Revnell, Joseph"]
[Black "Skidmore, Mike"]
[Result "0-1"]
[WhiteElo "1519"]
[BlackElo "1835"]
[PlyCount "94"]
[EventDate "1999.09.03"]

1. d4 c6 2. Nf3 Nf6 3. e3 d5 4. Bd3 Bg4 5. Nbd2 e6 6. b3 Nbd7 7. Bb2 Be7 8. c4
O-O 9. Qc2 Rc8 10. Ng5 h6 11. h3 Bh5 12. Nh7 dxc4 13. Nxc4 Bb4+ 14. Nd2 Bxd2+
15. Kxd2 Nxh7 16. Bxh7+ Kh8 17. g4 Bg6 18. Bxg6 fxg6 19. Raf1 Rf7 20. Ke2 Qa5
21. Bc3 Qa6+ 22. Kd2 Rcf8 23. f4 Rc8 24. h4 Rff8 25. Kc1 c5 26. Kb1 cxd4 27.
exd4 Qc6 28. Rh3 Nb6 29. Qb2 Nd5 30. Bd2 Qb5 31. Rhf3 Rf7 32. Rc1 Rxc1+ 33.
Qxc1 Rc7 34. Qb2 Qe2 35. Rg3 Qd1+ 36. Bc1 Nxf4 37. Qd2 Rxc1+ 38. Qxc1 Qxc1+ 39.
Kxc1 Ne2+ 40. Kd2 Nxg3 41. Ke3 Nf1+ 42. Ke4 Kg8 43. d5 exd5+ 44. Kxd5 Ne3+ 45.
Kd6 Nxg4 46. Kc7 g5 47. hxg5 h5 0-1

[Event "Michigan Open"]
[Site "Cadillac, MI"]
[Date "1999.09.??"]
[Round "5"]
[White "Revnell, Joseph"]
[Black "Morris, Jewell"]
[Result "0-1"]
[WhiteElo "1519"]
[BlackElo "1864"]
[PlyCount "68"]
[EventDate "1999.09.03"]

1. d4 d5 2. Nf3 Nf6 3. e3 Nbd7 4. Nbd2 c5 5. c4 e6 6. a3 b6 7. b3 Bb7 8. Bb2
Bd6 9. Bd3 cxd4 10. Nxd4 Nc5 11. Qc2 Nxd3+ 12. Qxd3 dxc4 13. Nxc4 Bxg2 14. Rg1
Be4 15. Qd2 Bxh2 16. Rxg7 Bg6 17. Nb5 Qxd2+ 18. Nxd2 Ke7 19. Nf3 Bb8 20. Rc1
Rd8 21. Nc7 Bxc7 22. Rxc7+ Nd7 23. Ne5 Kd6 24. Rxd7+ Rxd7 25. Nxd7 Kxd7 26. f4
Re8 27. Kf2 Ke7 28. Kg3 Kf8 29. Bd4 e5 30. Bxe5 Rxe5 31. Rxf7+ Kxf7 32. fxe5
Ke6 33. Kf4 h5 34. b4 Bc2 0-1

[Event "Michigan Open"]
[Site "Cadillac, MI"]
[Date "1999.09.??"]
[Round "6"]
[White "Revnell, Joseph"]
[Black "Brumley, Ron"]
[Result "0-1"]
[WhiteElo "1519"]
[BlackElo "1909"]
[PlyCount "54"]
[EventDate "1999.09.03"]

1. d4 Nf6 2. Nf3 g6 3. Bf4 Bg7 4. Qd2 h6 5. e3 d6 6. Bd3 Nh5 7. Bg3 Nxg3 8.
hxg3 Nd7 9. c3 O-O 10. Qc2 e5 11. dxe5 dxe5 12. Nbd2 Nc5 13. Bc4 Bf5 14. e4 Bd7
15. O-O-O b5 16. Nb3 Nxb3+ 17. Bxb3 Qe7 18. Qd2 Rfd8 19. Rxh6 Bg4 20. Qe3 Rxd1+
21. Kxd1 Rd8+ 22. Kc2 Bxf3 23. gxf3 Bxh6 24. Qxh6 Qd6 25. Kb1 Qd3+ 26. Kc1 Qf1+
27. Kc2 Qd1# 0-1

[Event "Michigan Open"]
[Site "Cadillac, MI"]
[Date "1999.09.??"]
[Round "1"]
[White "Pray, Don"]
[Black "Manion, Tom"]
[Result "1-0"]
[WhiteElo "2018"]
[BlackElo "1833"]
[PlyCount "61"]
[EventDate "1999.09.03"]

1. e4 e5 2. Nf3 Nf6 3. Nxe5 d6 4. Nf3 Nxe4 5. d3 Nf6 6. d4 Nc6 7. Bd3 Bg4 8. c3
Qd7 9. O-O O-O-O 10. Bg5 Be7 11. Nbd2 h6 12. Bxf6 gxf6 13. Qc2 Rdg8 14. Nh4 Rg5
15. f3 Bh3 16. Ne4 Rg7 17. Ng3 Be6 18. Ngf5 Rg5 19. Rae1 d5 20. f4 Rh5 21. g3
Rg8 22. Kh1 Kd8 23. Nxe7 Nxe7 24. f5 Nxf5 25. Bxf5 Qd6 26. Qe2 Rhg5 27. Bxe6
Rxg3 28. hxg3 Qxg3 29. Qh2 fxe6 30. Qxg3 Rxg3 31. Kh2 1-0

[Event "Michigan Open"]
[Site "Cadillac, MI"]
[Date "1999.09.??"]
[Round "4"]
[White "Pray, Don"]
[Black "Czuhai, Kevin"]
[Result "1-0"]
[WhiteElo "2018"]
[BlackElo "2257"]
[PlyCount "59"]
[EventDate "1999.09.03"]

1. e4 c5 2. f4 Nf6 3. Nc3 d5 4. e5 Nfd7 5. Nf3 e6 6. Be2 Nc6 7. O-O Be7 8. Kh1
a6 9. a4 b6 10. Qe1 g6 11. b3 Bb7 12. Bb2 h5 13. d4 h4 14. Nd1 h3 15. g3 cxd4
16. Bd3 Bb4 17. Qe2 Nc5 18. Nxd4 Qe7 19. Nf2 Nxd4 20. Bxd4 Nd7 21. c3 Bc5 22.
Rab1 Bxd4 23. cxd4 Qb4 24. Qb2 Rc8 25. Rfc1 Ke7 26. Bf1 Rxc1 27. Rxc1 Rc8 28.
Rxc8 Bxc8 29. Nd3 Qa5 30. Qa3+ 1-0